000 00747nam a22002537a 4500
001 1559
003 CO-MdFUSB
005 20190202100507.0
008 170428t1926 xxu||||| |||| 00| 0 eng d
040 _aCO-MdFUSB
_bspa
_cCO-MdFUSB
_dCO-MdFUSBC
_erda
041 0 _aeng
082 0 4 _aG 215 W646r
100 1 _aWieman, Henry Nelson (1884-1975)
_eautor
245 0 _aReligious experience and scientific method
_c / Henry Nelson Wieman
264 4 _aNew York, USA :
_bMacMillan,
_c©1926
300 _a387 Pag.
336 _2rdacontent
_a1
_ba1
337 _2rdamedia
_a2
_b5
338 _2rdacarrier
_a2
_b5
650 7 _aReligión y ciencia
_9259
650 7 _aFilosofía y religión
_2
_9198
653 _areligión y ciencia - 1900
942 _cBK
999 _c32878
_d32878